| 000 | 01339nam0a22002891 4500 | ||
|---|---|---|---|
| 001 | v19\rc\1975266 | ||
| 005 | 20260407050152.0 | ||
| 035 | _a(NLR Aleph) 005059240 | ||
| 090 |
_a6978326 _c6978326 |
||
| 100 | _a20080623d1914 |||y0rusy50 ca | ||
| 101 | 0 | _arus | |
| 102 | _aRU | ||
| 105 | _ay z ||||| | ||
| 200 | 1 |
_aОбзор деятельности Правительственной агрономической организации Тобольской губернии за 1912 год _f[Правительств. арг. Н. Кулисич] |
|
| 210 |
_aКурган _cтип. А.И. Кочешева _d1914 |
||
| 215 |
_a44 с. _d26 |
||
| 225 | 1 |
_aГлавное управление землеустройства и земледелия. Труды Тобольской губернской агрономической организации _vВып. 21 |
|
| 300 | _aАвт. указан в конце текста | ||
| 309 | _aБез тит. л. | ||
| 700 | 1 |
_aКулисич _bН.Н. _gНиколай Николаевич |
|
| 712 | 0 | 2 |
_aТобольская губ. агрономическая организация _3RU\NLR\AUTH\8810019135 _9536161 |
| 801 | 0 |
_aRU _bNLR _gpsbo |
|
| 801 | 0 |
_aRU _bRuMoRGB _2psbo |
|
| 801 | 1 |
_aRU _bProSoft-M _2rusmarc |
|
| 852 |
_aNLR _j37.42.8.40(вып. 21) |
||
| 942 | _cBOOK | ||
| 980 | _aNB | ||